Toán học cao cấp : Giáo trình dùng cho các trường Đại học Kĩ thuật
Các khái niệm về tập hợp, ánh xạ, hàm số, đạo hàm và vi phân, tích phân, số phức. Các phương pháp tích phân, số phức, phương pháp tính đạo hàm, vi phân, phương pháp qui nạp toán học.
محفوظ في:
| المؤلف الرئيسي: | |
|---|---|
| التنسيق: | كتاب |
| اللغة: | Undetermined |
| منشور في: |
Hà Nội
Giáo dục
2006
|
| الموضوعات: | |
| الوسوم: |
إضافة وسم
لا توجد وسوم, كن أول من يضع وسما على هذه التسجيلة!
|
| Thư viện lưu trữ: | Trung tâm Học liệu Trường Đại học Cần Thơ |
|---|
| LEADER | 00971nam a2200217Ia 4500 | ||
|---|---|---|---|
| 001 | CTU_104314 | ||
| 008 | 210402s9999 xx 000 0 und d | ||
| 020 | |c 20600 | ||
| 082 | |a 515 | ||
| 082 | |b Tr300/T.1 | ||
| 100 | |a Nguyễn, Đình Trí | ||
| 245 | 0 | |a Toán học cao cấp : | |
| 245 | 0 | |b Giáo trình dùng cho các trường Đại học Kĩ thuật | |
| 245 | 0 | |c Chủ biên: Nguyễn Đình Trí ; Tạ Văn Đĩnh, Nguyễn Hồ Quỳnh | |
| 260 | |a Hà Nội | ||
| 260 | |b Giáo dục | ||
| 260 | |c 2006 | ||
| 520 | |a Các khái niệm về tập hợp, ánh xạ, hàm số, đạo hàm và vi phân, tích phân, số phức. Các phương pháp tích phân, số phức, phương pháp tính đạo hàm, vi phân, phương pháp qui nạp toán học. | ||
| 650 | |a Geometry, analytic,Algebra | ||
| 904 | |i Giang | ||
| 980 | |a Trung tâm Học liệu Trường Đại học Cần Thơ | ||